000 00506nam a22001937a 4500
003 NUST - PNEC
005 20170116180808.0
008 150423b xxu||||| |||| 00| 0 eng d
020 _a9694071321
040 _cLIBRARY
082 _a954 KAM
100 _93116
_aAzfar, Kamal
245 _aAsian drama revisited
_cKamal Azfar
250 _a-
260 _aKarachi, Pakistan
_bRoyal Book Company
_cc1992.
300 _a256 p. :
_c21 cm.
650 _93118
_aPolitical science
_yGeneral
942 _2ddc
_cBK
999 _c63255
_d63255